000 02531nam a2200253Ia 4500
003 OSt
005 20210804151247.0
008 210310s2012 ck ad fr 000 0dspa d
020 _a9789588692456
040 _aCO-JMCR
_cCO-JMCR
041 0 _aspa
082 0 4 _a332.0415 /
_bA864m
_223
100 1 _aAtehortúa Granados, John Alexander,
_916771
_eautor
245 1 0 _aMercado de capitales y portafolios de inversión /
_cJohn Alexander Atehortúa Granados
250 _a1a edición
260 _aMedellín :
_bUniversidad de Medellín :
_bEdiciones de la U,
_c2012
300 _a233 páginas :
_bilustraciones y gráficas a blanco y negro ;
_c24 cm.
500 _aIncluye glosario y datos biográficos del autor.
504 _aBibliografía: página 227
505 0 _aEl sistema financiero -- Títulos de renta fija -- Títulos de renta variable -- Portafolios de inversión -- Derivados financieros -- Futuros
520 3 _aEl libro "mercado de capitales y portafolios de inversión" está concebido como un texto que permite al lector obtener unos conocimientos básicos sobre la dinámica del mercado de capitales colombiano, sobre la forma como se negocian algunos títulos valores y sobre nuevos instrumentos financieros creados para brindar cobertura a los diversos riesgos a los cuales se ven enfrentados los diferentes tipos de inversionistas. En cada capítulo el lector encontrará un cuadro sinóptico de las diferentes temáticas a tratar, las palabras clave con las cuales se aborda la temática de ese capítulo, ejercicios prácticos que ayudan a comprender la teoría expuesta y ejercicios propuestos para el desarrollo de competencias. Algunas de las temáticas, como es el caso de los portafolios de inversión, son abordadas de forma sencilla porque lo que se pretende es "introducir" al lector que no tiene experiencia en estos temas. También es importante señalar el uso que se hace en el libro, del Excel como herramienta para el cálculo de precios y rentabilidades, gracias a la versatilidad que este programa ofrece para resolver algunos de los casos más frecuentes en lo relacionado con el manejo de inversiones y de portafolios de inversión. Es por ello que se recomienda al lector habilitar las macros en su computadora para poder utilizar los archivos que aparecen en las siguientes páginas web: www.udem.edu.co y en www.edicionesdelau.com. (link libro mercado de capitales y portafolios de inversión).
650 1 4 _aMercado de capitales
_916773
_xEnseñanza
_zColombia
942 _2ddc
_cBK
999 _c8258
_d8258